Geographical information systems and computer cartography
Gespeichert in:
| 1. Verfasser: | |
|---|---|
| Format: | Buch |
| Sprache: | Englisch |
| Veröffentlicht: |
Harlow Essex :
Pearson Education Limited,
1997
|
| Ausgabe: | 1.vyd. |
| Tags: |
Keine Tags, Fügen Sie das erste Tag hinzu!
|
MARC
| LEADER | 00000nam a22000003a 4500 | ||
|---|---|---|---|
| 001 | stu191453 | ||
| 005 | 20150617230048.2 | ||
| 008 | 091005s1997----uk------------------eng-d | ||
| 020 | |a 0-582-04439-1 | ||
| 040 | |a STU |b slo | ||
| 041 | 0 | |a eng | |
| 044 | |a uk | ||
| 100 | 1 | |a Jones, Christopher B. |4 aut | |
| 245 | 1 | |a Geographical information systems and computer cartography | |
| 250 | |a 1.vyd. | ||
| 260 | |a Harlow Essex : |b Pearson Education Limited, |c 1997 | ||
| 300 | |a XV,319 s | ||
| 996 | |c V*50553/O-22614 |l VV3 |s P |a 0 |w stu191453_0001 | ||